000 00302nam a22001337a 4500
008 170613b xxu||||| |||| 00| 0 eng d
020 _a37811182940
041 _aeng
080 _a328
100 _a19
101 _aSHP
245 _aAMERICAN GOVERNMENT AND POLITICS
_cSCNIDT.S.W
942 _2udc
_cBK
999 _c17231
_d17231